00269nam a2200109 a 4500008004100000050001700041100001900058245002800077246003600105260000900141350000900150120416s1984 xx |||||||||||||| || u aTS 191.8 Sco aScott, Peter B14aThe robotics revolution athe complete guide for managers c1984 a0.00